[Event "Virginia-ch op"]
[Site "Virginia"]
[Date "1997.??.??"]
[Round "3"]
[White "Jojic, Oliver"]
[Black "Mayer, Steven F"]
[Result "0-1"]
[WhiteElo "2235"]
[BlackElo "2205"]
[PlyCount "66"]
[EventDate "1997.??.??"]
[EventType "swiss"]
[EventRounds "5"]
[EventCountry "USA"]
[SourceTitle "EXT 2000"]
[Source "ChessBase"]
[SourceDate "1999.11.16"]
[SourceVersion "1"]
[SourceVersionDate "1999.11.16"]
[SourceQuality "1"]

1. e4 c5 2. Nc3 Nc6 3. g3 g6 4. Bg2 Bg7 5. d3 Rb8 6. f4 b5 7. Nf3 b4 8. Ne2 d6 9. 0-0 e6 10. Nh4 Nf6 11. h3 0-0 12. Be3 Nh5 13. Qe1 Bxb2 14. Rb1 Bg7 15. e5 Nd4 16. Nxd4 cxd4 17. Bxd4 dxe5 18. Bxa7 exf4 19. Bxb8 Bc3 20. Rxb4 Bxe1 21. Rxe1 Nxg3 22. Nf3 Qa5 23. Rb2 Qa3 24. Be5 f6 25. Rb3 Qxa2 26. Bb2 Qa7+ 27. d4 Qc7 28. c3 Ba6 29. Nd2 Rb8 30. Rxb8+ Qxb8 31. Ba3 Ne2+ 32. Kf2 f3 33. Bxf3 Qg3+ 0-1

[Event "FRA-ch op FIDE"]
[Site "Paris"]
[Date "1994.??.??"]
[Round "5"]
[White "Jojic, Oliver"]
[Black "Seret, Jean Luc"]
[Result "0-1"]
[WhiteElo "2235"]
[BlackElo "2445"]
[PlyCount "76"]
[EventDate "1994.??.??"]
[EventType "swiss"]
[EventRounds "9"]
[EventCountry "FRA"]
[SourceTitle "EXT 1998"]
[Source "ChessBase"]
[SourceDate "1997.11.17"]
[SourceVersion "1"]
[SourceVersionDate "1997.11.17"]
[SourceQuality "1"]

1. e4 e6 2. d4 d5 3. Nc3 Bb4 4. Nge2 dxe4 5. a3 Be7 6. Nxe4 Nf6 7. N2c3 Bd7 8. Bd3 Bc6 9. Be3 Nbd7 10. Qe2 0-0 11. 0-0 Nxe4 12. Nxe4 Nf6 13. Ng5 h6 14. Nf3 Nd5 15. Ne5 Be8 16. Bd2 c5 17. f4 cxd4 18. Ng4 h5 19. Ne5 g6 20. g4 hxg4 21. Qxg4 Kg7 22. Rf3 Rh8 23. Raf1 f5 24. Qg2 Bf6 25. Re1 Rc8 26. Rg3 Rh6 27. Nf3 Ne3 28. Bxe3 dxe3 29. Rxe3 Qb6 30. Qf2 Bxb2 31. Re1 Qxf2+ 32. Kxf2 Bxa3 33. Rxe6 Bf7 34. Re1 Kf6 35. Rg2 Bd5 36. Kg3 Rch8 37. Re5 Rh3+ 38. Kf2 Rxf3+ 0-1

[Event "Paris-ch op"]
[Site "Paris"]
[Date "1993.??.??"]
[Round "2"]
[White "Jojic, Oliver"]
[Black "Elbilia, Jacques"]
[Result "0-1"]
[WhiteElo "2210"]
[BlackElo "2310"]
[PlyCount "80"]
[EventDate "1993.04.??"]
[EventType "swiss"]
[EventRounds "9"]
[EventCountry "FRA"]
[SourceTitle "EXT 1998"]
[Source "ChessBase"]
[SourceDate "1997.11.17"]
[SourceVersion "1"]
[SourceVersionDate "1997.11.17"]
[SourceQuality "1"]

1. f4 g6 2. Nf3 Bg7 3. e4 c5 4. d3 Nc6 5. g3 d6 6. Bg2 e6 7. 0-0 Nge7 8. c3 0-0 9. Be3 b6 10. Kh1 Bb7 11. Nh4 f5 12. Nd2 Qd7 13. Qe2 Rae8 14. Rad1 Kh8 15. Ndf3 Ba6 16. exf5 exf5 17. Qd2 d5 18. Rfe1 d4 19. Bg1 Nd5 20. cxd4 cxd4 21. Ne5 Nxe5 22. fxe5 Rxe5 23. Rxe5 Bxe5 24. Nf3 Bg7 25. Bxd4 Re8 26. Bg1 Nf6 27. Qc2 h6 28. d4 Bb7 29. Rc1 Rc8 30. Qd1 Rxc1 31. Qxc1 Kh7 32. Qf4 Bd5 33. b3 Qe6 34. Qe5 Qc6 35. Qe2 Qc1 36. Ne5 Ne4 37. Nd3 Qb1 38. Qe3 Qxa2 39. b4 Bxd4 40. Qf3 Nf2+ 0-1

[Event "Paris-ch op"]
[Site "Paris"]
[Date "1993.??.??"]
[Round "8"]
[White "Jojic, Oliver"]
[Black "Ledger, Andrew"]
[Result "0-1"]
[WhiteElo "2210"]
[BlackElo "2330"]
[PlyCount "80"]
[EventDate "1993.04.??"]
[EventType "swiss"]
[EventRounds "9"]
[EventCountry "FRA"]
[SourceTitle "EXT 1998"]
[Source "ChessBase"]
[SourceDate "1997.11.17"]
[SourceVersion "1"]
[SourceVersionDate "1997.11.17"]
[SourceQuality "1"]

1. e4 e6 2. d4 d5 3. Nc3 dxe4 4. Nxe4 Bd7 5. Nf3 Bc6 6. Bd3 Nd7 7. 0-0 Ngf6 8. Qe2 Bxe4 9. Bxe4 Nxe4 10. Qxe4 c6 11. Bg5 Be7 12. Bxe7 Qxe7 13. Ne5 Rd8 14. c3 0-0 15. Rae1 Nxe5 16. Qxe5 Rd5 17. Qe4 Rfd8 18. f4 Qd7 19. Rf2 c5 20. dxc5 Rxc5 21. Rfe2 g6 22. h3 Qc7 23. Qe3 b6 24. Rf1 Rcd5 25. Rfe1 Rd1 26. Rxd1 Rxd1+ 27. Kf2 Qd8 28. g3 Qd5 29. Qe5 Qb7 30. Qe4 Qd7 31. g4 Rd5 32. a3 h5 33. Ke3 Qd6 34. Kf3 Qd8 35. Kg3 h4+ 36. Kf3 Qc7 37. g5 Rf5 38. Kg4 Kh7 39. Rf2 Rxg5+ 40. Kxh4 Rg1 0-1

[Event "Paris-ch op"]
[Site "Paris"]
[Date "1992.??.??"]
[Round "5"]
[White "Caminade, Andrija"]
[Black "Jojic, Oliver"]
[Result "1/2-1/2"]
[WhiteElo "2230"]
[BlackElo "2220"]
[PlyCount "35"]
[EventDate "1992.04.??"]
[EventType "swiss"]
[EventRounds "9"]
[EventCountry "FRA"]
[SourceTitle "EXT 1997"]
[Source "ChessBase"]
[SourceDate "1996.11.15"]
[SourceVersion "1"]
[SourceVersionDate "1996.11.15"]
[SourceQuality "1"]

1. e4 e5 2. Nf3 Nc6 3. Nc3 Nf6 4. d4 exd4 5. Nd5 Be7 6. Bc4 d6 7. Nxd4 Nxd4 8. Qxd4 Nxd5 9. Qxd5 0-0 10. Qd3 Kh8 11. 0-0 f5 12. c3 c6 13. exf5 Bxf5 14. Qd1 d5 15. Bd3 Bd6 16. Bxf5 Rxf5 17. Qg4 Qf6 18. Be3 1/2-1/2

[Event "Massy op"]
[Site "Massy"]
[Date "1992.??.??"]
[Round "3"]
[White "Jojic, Oliver"]
[Black "Boudre, Jean Pierre"]
[Result "0-1"]
[WhiteElo "2220"]
[BlackElo "2405"]
[PlyCount "88"]
[EventDate "1992.??.??"]
[EventType "swiss"]
[EventRounds "9"]
[EventCountry "FRA"]
[SourceTitle "EXT 1999"]
[Source "ChessBase"]
[SourceDate "1998.11.16"]
[SourceVersion "1"]
[SourceVersionDate "1998.11.16"]
[SourceQuality "1"]

1. e4 c5 2. Nf3 d6 3. d4 cxd4 4. Nxd4 Nf6 5. Nc3 a6 6. Bg5 Nc6 7. Bxf6 gxf6 8. Nxc6 bxc6 9. Bc4 Qa5 10. Qd3 f5 11. 0-0 Bg7 12. Rfe1 f4 13. Rad1 Be5 14. Ne2 Bg4 15. f3 Bd7 16. c3 Rg8 17. Nd4 Qb6 18. Re2 Rg5 19. Kh1 h5 20. Nf5 Kf8 21. Bb3 a5 22. Ba4 Qc5 23. Nd4 Kg7 24. Nb3 Qb6 25. c4 Qb4 26. c5 Qxa4 27. cxd6 exd6 28. Nc5 dxc5 29. Qxd7 Ra7 30. Qd8 Bf6 31. Qd6 Bd4 32. b3 Qb5 33. Qxf4 f6 34. Rc2 a4 35. h4 Re5 36. Rb1 axb3 37. axb3 Qd3 38. Rcc1 Qe3 39. Qg3+ Kh7 40. Re1 Qf2 41. Qh3 Rg7 42. g4 hxg4 43. fxg4 Qf4 44. g5 Rxe4 0-1

[Event "Torcy op-A"]
[Site "Torcy"]
[Date "1991.??.??"]
[Round "?"]
[White "Jojic, Oliver"]
[Black "Sveshnikov, Evgeny"]
[Result "0-1"]
[WhiteElo "2235"]
[BlackElo "2510"]
[PlyCount "62"]
[EventDate "1991.04.??"]
[EventType "swiss"]
[EventRounds "9"]
[EventCountry "FRA"]
[SourceTitle "TD"]
[Source "ChessBase"]
[SourceDate "1994.03.01"]
[SourceVersion "1"]
[SourceVersionDate "1994.03.01"]
[SourceQuality "1"]

1. e4 c5 2. Nf3 Nc6 3. d4 cxd4 4. Nxd4 e5 5. Nb5 d6 6. c4 Be7 7. Be2 f5 8. 0-0 fxe4 9. N1c3 a6 10. Na3 Nf6 11. Nc2 0-0 12. Bg5 Be6 13. Qd2 Rc8 14. Rad1 Na5 15. Ne3 Nc6 16. Nc2 Na5 17. Ne3 Kh8 18. Bxf6 gxf6 19. Nxe4 f5 20. Nxd6 Rc6 21. c5 Rxc5 22. f4 Nc6 23. Nxb7 Qb6 24. Nxc5 Bxc5 25. Rf3 Nd4 26. Rh3 exf4 27. Kh1 fxe3 28. Qxe3 Qd6 29. Qh6 Qe7 30. Bh5 Ba7 31. Bg6 Bg8 0-1

[Event "Torcy op-A"]
[Site "Torcy"]
[Date "1991.??.??"]
[Round "?"]
[White "Jojic, Oliver"]
[Black "Tagnon, Nicole"]
[Result "0-1"]
[WhiteElo "2235"]
[BlackElo "2110"]
[PlyCount "68"]
[EventDate "1991.04.??"]
[EventType "swiss"]
[EventRounds "9"]
[EventCountry "FRA"]
[SourceTitle "TD"]
[Source "ChessBase"]
[SourceDate "1994.03.01"]
[SourceVersion "1"]
[SourceVersionDate "1994.03.01"]
[SourceQuality "1"]

1. e4 Nf6 2. e5 Nd5 3. d4 d6 4. Nf3 Bg4 5. Bc4 e6 6. Qe2 Nb6 7. Bb5+ c6 8. Bd3 dxe5 9. dxe5 N8d7 10. 0-0 Bxf3 11. gxf3 Qc7 12. f4 Nc5 13. Nc3 0-0-0 14. Be4 Nxe4 15. Nxe4 Be7 16. Be3 g5 17. c4 gxf4 18. Bxf4 Kb8 19. a4 Rd4 20. b3 f5 21. a5 Nd7 22. f3 fxe4 23. Be3 exf3 24. Rxf3 Rg4+ 25. Kh1 Qxe5 26. Rd1 Bd6 27. Qf2 c5 28. h3 Re4 29. Rg1 Kc7 30. a6 bxa6 31. Qd2 Rf8 32. Rxf8 Rxe3 33. Qa5+ Kb7 34. Rb8+ Bxb8 0-1

[Event "Paris-ch op"]
[Site "Paris"]
[Date "1990.??.??"]
[Round "?"]
[White "Jojic, Oliver"]
[Black "Patrat, Alexandre"]
[Result "0-1"]
[WhiteElo "2275"]
[BlackElo "2210"]
[PlyCount "72"]
[EventDate "1990.05.??"]
[EventType "swiss"]
[EventRounds "9"]
[EventCountry "FRA"]
[SourceTitle "EXT 1997"]
[Source "ChessBase"]
[SourceDate "1996.11.15"]
[SourceVersion "1"]
[SourceVersionDate "1996.11.15"]
[SourceQuality "1"]

1. e4 d5 2. exd5 Nf6 3. d4 Bg4 4. Be2 Bxe2 5. Qxe2 Qxd5 6. Nf3 Nc6 7. c4 Qf5 8. 0-0 0-0-0 9. Be3 e6 10. Nc3 g5 11. Rad1 Rg8 12. a3 g4 13. Nh4 Qa5 14. d5 exd5 15. cxd5 Nxd5 16. Rxd5 Rxd5 17. b4 Bxb4 18. axb4 Nxb4 19. Nxd5 Qxd5 20. Rd1 Qe6 21. Qb5 Nc6 22. Rb1 b6 23. Rc1 Kb7 24. Bf4 Rd8 25. Qb1 Rd7 26. Nf5 a5 27. Kf1 Nb4 28. Ne3 c5 29. Qxh7 a4 30. Qg8 Rd4 31. Qb8+ Ka6 32. Bc7 Kb5 33. Rb1 a3 34. Qa7 a2 35. Rb2 Rd7 36. Nd5 Rxd5 0-1

[Event "Paris-ch op"]
[Site "Paris"]
[Date "1990.??.??"]
[Round "?"]
[White "Vaisser, Anatoli"]
[Black "Jojic, Oliver"]
[Result "1-0"]
[WhiteElo "2540"]
[BlackElo "2275"]
[PlyCount "45"]
[EventDate "1990.05.??"]
[EventType "swiss"]
[EventRounds "9"]
[EventCountry "FRA"]
[SourceTitle "EXT 1997"]
[Source "ChessBase"]
[SourceDate "1996.11.15"]
[SourceVersion "1"]
[SourceVersionDate "1996.11.15"]
[SourceQuality "1"]

1. d4 Nf6 2. c4 c5 3. d5 g6 4. Nc3 d6 5. e4 Bg7 6. f4 0-0 7. Nf3 e6 8. Be2 exd5 9. cxd5 Re8 10. e5 dxe5 11. fxe5 Ng4 12. Bg5 Qb6 13. 0-0 Nxe5 14. Nxe5 Bxe5 15. Bc4 Bf5 16. Nb5 Nd7 17. a4 Qa5 18. d6 Be6 19. Bxe6 Rxe6 20. Qf3 f6 21. Qxb7 Nb6 22. Bh6 f5 23. Rae1 1-0

[Event "Paris op-1"]
[Site "Paris"]
[Date "1989.??.??"]
[Round "?"]
[White "Jojic, Oliver"]
[Black "Dussol, Pierre"]
[Result "1-0"]
[WhiteElo "2040"]
[BlackElo "2250"]
[PlyCount "41"]
[EventDate "1989.??.??"]
[EventType "swiss"]
[EventRounds "9"]
[EventCountry "FRA"]
[SourceTitle "TD"]
[Source "ChessBase"]
[SourceDate "1994.03.01"]
[SourceVersion "1"]
[SourceVersionDate "1994.03.01"]
[SourceQuality "1"]

1. e4 c5 2. Nf3 e6 3. d4 cxd4 4. Nxd4 Nf6 5. Nc3 d6 6. Be2 Be7 7. 0-0 a6 8. a4 Nc6 9. Be3 0-0 10. Kh1 Bd7 11. f4 Rc8 12. Nb3 Nb4 13. a5 Bc6 14. Bb6 Qe8 15. Bf3 d5 16. e5 Nd7 17. Bg1 f6 18. Qe2 fxe5 19. fxe5 Rf5 20. Bg4 Rxe5 21. Bxe6+ 1-0